The beatitudes. (Record no. 7429)

000 -LEADER
fixed length control field 00509nam a2200181 a 4500
001 - CONTROL NUMBER
control field :::00005190$&:&@@
003 - CONTROL NUMBER IDENTIFIER
control field OkBaRHE
005 - DATE AND TIME OF LATEST TRANSACTION
control field 20000607103323.0
008 - FIXED-LENGTH DATA ELEMENTS--GENERAL INFORMATION
fixed length control field s1953 j 000 0 eng u
040 ## - CATALOGING SOURCE
Transcribing agency
100 1# - MAIN ENTRY--PERSONAL NAME
Personal name Martin, Hugh.
245 14 - TITLE STATEMENT
Title The beatitudes.
260 ## - PUBLICATION, DISTRIBUTION, ETC. (IMPRINT)
Place of publication, distribution, etc New York, NY., :
Name of publisher, distributor, etc Harper and Brothers
Date of publication, distribution, etc c1953
300 ## - PHYSICAL DESCRIPTION
Extent 92 p. ;
Dimensions 20 cm.
650 ## - SUBJECT ADDED ENTRY--TOPICAL TERM
Topical term or geographic name as entry element Beatitudes
942 ## - ADDED ENTRY ELEMENTS (KOHA)
Source of classification or shelving scheme
Koha item type Books
Copies
Full call number Copy number Koha item type Date last seen Not for loan Damaged status Source of classification or shelving scheme Price effective from Lost status Withdrawn status Permanent Location Date acquired Shelving location Barcode
BT 382 .M31Books2010-04-14   2010-04-14  RHEMA Bible Training College2010-04-14General Stacks5190